000 01199cam a22002054a 4500
005 20250605164219.0
008 250528s ||||||||||||||||||||||||d
035 _a20584
020 _a6377408
040 _aGR-AtMCL
_bgre
_dGR-AtMCL
_eAACR2
245 1 _aCultures and Organizations / Software of the Mind: Intercultural Cooperation and its Importance for Survival
260 _c1994
300 _a290
520 _aThe writer reveals the circumstances in which organizational cultures can be managed effectively, and outlines ways of learning intercultural communication which are essential to success in the 1990s and beyond. Preface, Introduction, National Cultures, More Equal than Others, I and We and They, He and She and (s)he, What is Different and What is Dangerous, Pyramids and Machines and Markets and Families, Virtue Versus Truth, Organizational Cultures, From Fad to Management Tool, Implications, Intercultural Encounters, Surviving in a Multicultural World, Appendix: Reading Mental Programs, Glossary, Bibliography, Name and Subject Index.
700 1 _aHarper Collins Business
_96553
700 1 _aHofstede Geert
_96554
942 _cBK
999 _c5675
_d5675